| 000 | 00495pab a2200169 454500 | ||
|---|---|---|---|
| 008 | 180718b2004 xxu||||| |||| 00| 0 eng d | ||
| 100 | _aChhibber, Pradeep | ||
| 245 | _aDo party systems count? The number of parties and government performance in the Indian states | ||
| 260 | _c2004 | ||
| 300 | _ap.152-87. | ||
| 362 | _aMar | ||
| 650 | _aPolitical parties - India | ||
| 650 | _aPolitical parties | ||
| 700 | _aNooruddin, Irfan | ||
| 773 | _aComparative Political Studies | ||
| 909 | _a60737 | ||
| 999 |
_c60737 _d60737 |
||